000 00756nam a2200241 a 4500
005 20230601063702.0
008 171010s2008 mx r 000 0 spa d
020 _a9786077749042
035 _aUPN01000220862
040 _aUPN
_bspa
_cUPN
049 _aI
050 4 _aF1232
_bN8.3
100 1 _aNúñez, Alonso,
_d1969-
_940432
245 1 3 _aEl grito :
_bpor la maestra Díaz de Mitote de la escuela Fiestas Patrias /
_cAlonso Núñez ; il. Josel.
260 _aMéxico :
_bCIDCLI,
_c2008.
300 _a29 p.
440 3 _aLa saltapared
651 4 _aMEXICO -
_xHISTORIA -
_vLITERATURA INFANTIL
_95260
651 4 _aMéxico
_xHistoria
_yGuerra de Independencia, 1810-1821
_915381
905 _aInfantil
942 _2lcc
_cLIBRO
999 _c192961
_d192961